Lessons in criminology and penology / (Record no. 22732)
[ view plain ]
| 000 -LEADER | |
|---|---|
| fixed length control field | 00686nam a22002295a 4500 |
| 005 - DATE AND TIME OF LATEST TRANSACTION | |
| control field | 20161020133105.0 |
| 008 - FIXED-LENGTH DATA ELEMENTS--GENERAL INFORMATION | |
| fixed length control field | 161020s2015 ua frb 000 0 eng d |
| 040 ## - CATALOGING SOURCE | |
| Original cataloging agency | EG-ScBUE |
| Language of cataloging | eng |
| Transcribing agency | EG-ScBUE |
| 082 04 - DEWEY DECIMAL CLASSIFICATION NUMBER | |
| Classification number | 364 |
| Item number | SEY |
| Edition number | 22 |
| 100 1# - MAIN ENTRY--PERSONAL NAME | |
| Personal name | Seyam, Khaled S. |
| 245 10 - TITLE STATEMENT | |
| Title | Lessons in criminology and penology / |
| Statement of responsibility, etc | Khaled S. Seyam, Ahmed F. Khalifa. |
| 260 ## - PUBLICATION, DISTRIBUTION, ETC. (IMPRINT) | |
| Place of publication, distribution, etc | [Cairo] : |
| Name of publisher, distributor, etc | Nasr press, |
| Date of publication, distribution, etc | 2015. |
| 300 ## - PHYSICAL DESCRIPTION | |
| Extent | 280 p. ; |
| Dimensions | 24 cm. |
| 504 ## - BIBLIOGRAPHY, ETC. NOTE | |
| Bibliography, etc | Includes bibliographical references.<br/> |
| 650 #0 - SUBJECT ADDED ENTRY--TOPICAL TERM | |
| Topical term or geographic name as entry element | Criminology. |
| Source of heading or term | BUEsh |
| 650 #0 - SUBJECT ADDED ENTRY--TOPICAL TERM | |
| Topical term or geographic name as entry element | Criminals. |
| Source of heading or term | BUEsh |
| 9 (RLIN) | 34179 |
| 651 ## - SUBJECT ADDED ENTRY--GEOGRAPHIC NAME | |
| Source of heading or term | BUEsh |
| 653 ## - INDEX TERM--UNCONTROLLED | |
| Resource For college | Law |
| Arrived date list | October2016 |
| 655 ## - INDEX TERM--GENRE/FORM | |
| Form subdivision | Text book |
| -- | 33728 |
| 700 1# - ADDED ENTRY--PERSONAL NAME | |
| Personal name | Khalifa, Ahmed F. |
| 942 ## - ADDED ENTRY ELEMENTS (KOHA) | |
| Source of classification or shelving scheme | Dewey Decimal Classification |
| Withdrawn status | Item status | Source of classification or shelving scheme | Damaged status | Not for loan | Vendor | Home library | Current library | Shelving location | Date acquired | Source of acquisition | Cost, normal purchase price | Total Checkouts | Full call number | Barcode | Date last seen | Koha item type | Total Renewals | Date last borrowed | Cost, replacement price | Checked out |
|---|---|---|---|---|---|---|---|---|---|---|---|---|---|---|---|---|---|---|---|---|
| Dewey Decimal Classification | Baccah | Central Library | Central Library | First floor | 20/10/2016 | Purchase | 100.00 | 364 SEY | 000034162 | 15/07/2025 | NB - Book (Non borrowing) | |||||||||
| Lost and Paid For | Dewey Decimal Classification | Baccah | Central Library | Central Library | First floor | 20/10/2016 | Purchase | 60.00 | 1 | 364 SEY | 000034163 | 21/11/2016 | Book - Borrowing | 1 | 21/11/2016 | 75.00 | ||||
| Dewey Decimal Classification | Baccah | Central Library | Central Library | First floor | 20/10/2016 | Purchase | 2 | 364 SEY | 000034164 | 15/07/2025 | Book - Borrowing | 17/10/2019 | ||||||||
| Dewey Decimal Classification | Baccah | Central Library | Central Library | First floor | 20/10/2016 | Purchase | 2 | 364 SEY | 000033369 | 05/12/2018 | Book - Borrowing | 05/12/2018 | 12/12/2018 | |||||||
| Dewey Decimal Classification | Baccah | Central Library | Central Library | First floor | 20/10/2016 | Purchase | 6 | 364 SEY | 000033370 | 15/07/2025 | Book - Borrowing | 5 | 28/09/2022 |